[Event "BL2-Nord 0607"]
[Site "Germany"]
[Date "2007.02.04"]
[Round "5.6"]
[White "Sislian, Hanno"]
[Black "Horn, Sven"]
[Result "0-1"]
[WhiteElo "2270"]
[BlackElo "2115"]
[PlyCount "52"]
[EventDate "2006.10.15"]
[EventType "team-tourn"]
[EventRounds "9"]
[EventCountry "GER"]
[SourceTitle "EXT 2008"]
[Source "ChessBase"]
[SourceDate "2007.11.25"]
[SourceVersion "1"]
[SourceVersionDate "2007.11.25"]
[SourceQuality "1"]
[WhiteTeam "Norderstedt"]
[BlackTeam "Steglitz Wilmersdorf"]
[WhiteTeamCountry "GER"]
[BlackTeamCountry "GER"]

1. e4 c5 2. Nf3 d6 3. d4 cxd4 4. Nxd4 Nf6 5. Nc3 a6 6. Be3 e5 7. Nb3 Be6 8. Qd2 Be7 9. 0-0-0 b5 10. f3 Nbd7 11. g4 Nb6 12. g5 Nh5 13. Nd5 Bxd5 14. exd5 Rc8 15. Na5 Nxd5 16. Qxd5 Qxa5 17. Bh3 Rc4 18. b3 Qc3 19. bxc4 Qxe3+ 20. Kb1 0-0 21. Rhe1 Qa3 22. c5 Nf4 23. Qb7 Qb4+ 24. Ka1 Qc3+ 25. Kb1 Qb4+ 26. Ka1 Bxg5 0-1

[Event "BL2-Nord 0506"]
[Site "Germany"]
[Date "2006.01.15"]
[Round "5.7"]
[White "Sislian, Hanno"]
[Black "Guth, Thomas"]
[Result "0-1"]
[WhiteElo "2292"]
[BlackElo "2267"]
[PlyCount "110"]
[EventDate "2005.10.23"]
[EventType "team-tourn"]
[EventRounds "9"]
[EventCountry "GER"]
[SourceTitle "EXT 2007"]
[Source "ChessBase"]
[SourceDate "2006.11.23"]
[SourceVersion "1"]
[SourceVersionDate "2006.11.23"]
[SourceQuality "1"]
[WhiteTeam "Norderstedt"]
[BlackTeam "Berlin Rotation"]
[WhiteTeamCountry "GER"]
[BlackTeamCountry "GER"]

1. e4 e6 2. d4 d5 3. Nc3 Bb4 4. e5 Ne7 5. a3 Bxc3+ 6. bxc3 c5 7. Nf3 Nbc6 8. Bd3 Bd7 9. a4 Qa5 10. Bd2 c4 11. Be2 f6 12. h4 fxe5 13. Nxe5 Nxe5 14. dxe5 0-0-0 15. h5 Nc6 16. f4 g5 17. hxg6 hxg6 18. Kf2 g5 19. g3 gxf4 20. gxf4 Rxh1 21. Qxh1 Nd4 22. Qh7 Nf5 23. Bg4 Qb6+ 24. Kf3 d4 25. Bxf5 exf5 26. Rg1 Bc6+ 27. Ke2 d3+ 28. Kf1 Qb1+ 29. Kf2 Qxc2 30. Ke3 Be4 31. Rg8 Qxa4 32. Rxd8+ Kxd8 33. Be1 b6 34. Bh4+ Kc8 35. e6 d2 36. Qd7+ Qxd7 37. exd7+ Kxd7 38. Kxd2 Kc6 39. Bf2 a5 40. Kc1 b5 41. Be1 Bd3 42. Bh4 b4 43. Kb2 Kd5 44. Bd8 Ke4 45. Bc7 Ke3 46. Bd6 Kd2 47. Be5 a4 48. cxb4 a3+ 49. Kxa3 c3 50. Kb3 c2 51. Bc3+ Kd1 52. Bb2 c1Q 53. Bxc1 Kxc1 54. Kc3 Be4 55. b5 Kd1 0-1

[Event "Oberliga Nord N 0405"]
[Site "Germany"]
[Date "2005.03.13"]
[Round "8.7"]
[White "Beyer, Felix"]
[Black "Sislian, Hanno"]
[Result "1/2-1/2"]
[WhiteElo "2102"]
[BlackElo "2301"]
[PlyCount "43"]
[EventDate "2004.10.24"]
[EventType "team-tourn"]
[EventRounds "9"]
[EventCountry "GER"]
[SourceTitle "EXT 2006"]
[Source "ChessBase"]
[SourceDate "2005.11.24"]
[SourceVersion "1"]
[SourceVersionDate "2005.11.24"]
[SourceQuality "1"]
[WhiteTeam "Hamburger SK III"]
[BlackTeam "Norderstedt"]
[WhiteTeamCountry "GER"]
[BlackTeamCountry "GER"]

1. b3 e5 2. Bb2 Nc6 3. e3 d5 4. Bb5 Bd6 5. f4 Qh4+ 6. g3 Qe7 7. Nf3 Bg4 8. h3 Bxf3 9. Qxf3 Nf6 10. Nc3 0-0 11. Bxc6 bxc6 12. 0-0-0 a5 13. fxe5 Bxe5 14. a4 Rfd8 15. g4 c5 16. d4 Bd6 17. Nxd5 Nxd5 18. Qxd5 Bf4 19. Qxc5 Bxe3+ 20. Kb1 Qxc5 21. dxc5 Bxc5 22. Be5 1/2-1/2

[Event "Oberliga Nord N 0405"]
[Site "Germany"]
[Date "2005.01.16"]
[Round "5.5"]
[White "Nonnenmacher, Thomas"]
[Black "Sislian, Hanno"]
[Result "1/2-1/2"]
[WhiteElo "2215"]
[BlackElo "2301"]
[PlyCount "99"]
[EventDate "2004.10.24"]
[EventType "team-tourn"]
[EventRounds "9"]
[EventCountry "GER"]
[SourceTitle "EXT 2006"]
[Source "ChessBase"]
[SourceDate "2005.11.24"]
[SourceVersion "1"]
[SourceVersionDate "2005.11.24"]
[SourceQuality "1"]
[WhiteTeam "Pinneberg"]
[BlackTeam "Norderstedt"]
[WhiteTeamCountry "GER"]
[BlackTeamCountry "GER"]

1. c4 e5 2. Nc3 Nf6 3. g3 d5 4. cxd5 Nxd5 5. Bg2 Nb6 6. Nf3 Nc6 7. 0-0 Be7 8. d3 0-0 9. a3 Re8 10. b4 Bf8 11. Bb2 a5 12. b5 Nd4 13. Nd2 c6 14. bxc6 Nxc6 15. a4 Be6 16. Nb5 Qd7 17. f4 Bc5+ 18. Kh1 exf4 19. Rxf4 Be3 20. Rh4 Bg5 21. Rh5 Bxd2 22. Qxd2 Nc4 23. Qc3 Nxb2 24. Qxb2 Rad8 25. Bf3 Bg4 26. Rg5 Bxf3+ 27. exf3 g6 28. d4 Qe7 29. Rg4 Qe3 30. Rf1 Nb4 31. Qg2 Nd5 32. Re4 Qb3 33. Qe2 Rf8 34. Qd1 Qc4 35. Rfe1 Nb6 36. d5 Qxd5 37. Rd4 Qg5 38. Nd6 Qf6 39. Ree4 Nxa4 40. Rf4 Qe6 41. Nxf7 Rde8 42. Rde4 Qb6 43. Qxa4 Qb1+ 44. Kg2 Rxe4 45. fxe4 Qb2+ 46. Kg1 b5 47. Qd1 Rxf7 48. Qd5 Qc1+ 49. Kg2 Qc4 50. Qd8+ 1/2-1/2

[Event "Oberliga Nord N 0405"]
[Site "Germany"]
[Date "2004.11.28"]
[Round "3.7"]
[White "Grote, Dirk"]
[Black "Sislian, Hanno"]
[Result "1/2-1/2"]
[WhiteElo "2143"]
[BlackElo "2301"]
[PlyCount "24"]
[EventDate "2004.10.24"]
[EventType "team-tourn"]
[EventRounds "9"]
[EventCountry "GER"]
[SourceTitle "EXT 2006"]
[Source "ChessBase"]
[SourceDate "2005.11.24"]
[SourceVersion "1"]
[SourceVersionDate "2005.11.24"]
[SourceQuality "1"]
[WhiteTeam "Grosshansdorf"]
[BlackTeam "Norderstedt"]
[WhiteTeamCountry "GER"]
[BlackTeamCountry "GER"]

1. d4 Nf6 2. c4 g6 3. Nc3 d5 4. Bf4 Bg7 5. e3 c5 6. dxc5 Qa5 7. Rc1 dxc4 8. Bxc4 0-0 9. Nge2 Qxc5 10. Qb3 Qa5 11. 0-0 Nc6 12. Rfd1 Qh5 1/2-1/2

[Event "Bargteheide op"]
[Site "Bargteheide"]
[Date "2004.05.22"]
[Round "5"]
[White "Sislian, Hanno"]
[Black "Lindinger, Markus"]
[Result "1-0"]
[WhiteElo "2251"]
[BlackElo "2339"]
[PlyCount "62"]
[EventDate "2004.05.??"]
[EventType "swiss"]
[EventRounds "7"]
[EventCountry "GER"]
[SourceTitle "CBM 100 Extra"]
[Source "ChessBase"]
[SourceDate "2004.07.06"]
[SourceVersion "2"]
[SourceVersionDate "2004.07.06"]
[SourceQuality "1"]

1. e4 c5 2. Nf3 Nc6 3. d4 cxd4 4. Nxd4 Qc7 5. Nc3 e6 6. Be2 a6 7. 0-0 Nf6 8. Be3 Bb4 9. Na4 0-0 10. Nxc6 bxc6 11. Nb6 Rb8 12. Nxc8 Rfxc8 13. Bxa6 Rf8 14. Bd3 Bd6 15. f4 e5 16. f5 Rxb2 17. g4 Qa5 18. Kh1 Bc5 19. Bd2 Qa4 20. Bc3 Rb7 21. Qe2 d5 22. g5 Nxe4 23. Bxe4 dxe4 24. Bxe5 e3 25. Rf4 Rb4 26. c4 Rd8 27. Rh4 Rd2 28. Qh5 Kf8 29. Bxg7+ Kxg7 30. g6 e2 31. Qh6+ Kf6 1-0

[Event "Bargteheide op"]
[Site "Bargteheide"]
[Date "2004.05.20"]
[Round "2"]
[White "Sislian, Hanno"]
[Black "Jordan, Juergen"]
[Result "1-0"]
[WhiteElo "2251"]
[BlackElo "2077"]
[PlyCount "87"]
[EventDate "2004.05.??"]
[EventType "swiss"]
[EventRounds "7"]
[EventCountry "GER"]
[SourceTitle "CBM 100 Extra"]
[Source "ChessBase"]
[SourceDate "2004.07.06"]
[SourceVersion "2"]
[SourceVersionDate "2004.07.06"]
[SourceQuality "1"]

1. e4 c5 2. Nf3 Nc6 3. d4 cxd4 4. Nxd4 g6 5. Nc3 Bg7 6. Be3 Nf6 7. Bc4 0-0 8. Bb3 a5 9. f3 d5 10. Bxd5 Nxd5 11. Nxd5 e6 12. Nxc6 bxc6 13. Nb6 Rb8 14. Qxd8 Rxd8 15. Rd1 Rxd1+ 16. Kxd1 Bxb2 17. Nxc8 Rxc8 18. Ke2 c5 19. Rb1 Bd4 20. a4 Bc3 21. Rb5 c4 22. Bd2 Bd4 23. Rxa5 Rb8 24. Rb5 Ra8 25. Rb4 Rc8 26. a5 e5 27. c3 Bg1 28. Be3 Bxe3 29. Kxe3 Rc5 30. Ra4 f6 31. a6 Rc8 32. a7 Ra8 33. Kd2 Kf7 34. Kc1 Ke7 35. Kb2 Kd6 36. Ka3 Kc5 37. Ra5+ Kb6 38. Kb4 h6 39. g4 h5 40. gxh5 gxh5 41. h4 Kb7 42. Kb5 Kc7 43. Ra6 Kb7 44. Rb6+ 1-0

[Event "Oberliga Nord N 0304"]
[Site "Germany"]
[Date "2004.03.28"]
[Round "8.6"]
[White "Spindel, Ulrich"]
[Black "Sislian, Hanno"]
[Result "1/2-1/2"]
[WhiteElo "2168"]
[BlackElo "2245"]
[PlyCount "53"]
[EventDate "2003.10.12"]
[EventType "team-tourn"]
[EventRounds "9"]
[EventCountry "GER"]
[SourceTitle "EXT 2005"]
[Source "ChessBase"]
[SourceDate "2004.11.15"]
[SourceVersion "1"]
[SourceVersionDate "2004.11.15"]
[SourceQuality "1"]
[WhiteTeam "Grosshansdorf"]
[BlackTeam "Norderstedt"]
[WhiteTeamCountry "GER"]
[BlackTeamCountry "GER"]

1. d4 Nf6 2. c4 g6 3. Nc3 d5 4. cxd5 Nxd5 5. e4 Nxc3 6. bxc3 Bg7 7. Be3 c5 8. Nf3 Qa5 9. Qd2 Nc6 10. Rc1 cxd4 11. cxd4 Qxd2+ 12. Kxd2 0-0 13. Bb5 f5 14. exf5 Bxf5 15. Rhd1 Rfd8 16. Ke2 Rac8 17. d5 Nb4 18. Bc4 Bc2 19. Bb3 Bxb3 20. axb3 Na2 21. Rxc8 Rxc8 22. Rd2 Nc3+ 23. Kd3 b6 24. Rc2 Rc7 25. Nd4 Nxd5 26. Rxc7 Nxc7 27. Nc6 1/2-1/2

[Event "Travemuende op 19th"]
[Site "Travemuende"]
[Date "2002.12.29"]
[Round "6"]
[White "Dinckel, Joerg"]
[Black "Sislian, Hanno"]
[Result "1/2-1/2"]
[WhiteElo "2097"]
[BlackElo "2245"]
[PlyCount "22"]
[EventDate "2002.12.21"]
[EventType "swiss"]
[EventRounds "7"]
[EventCountry "GER"]
[SourceTitle "EXT 2004"]
[Source "ChessBase"]
[SourceDate "2003.11.25"]
[SourceVersion "1"]
[SourceVersionDate "2003.11.25"]
[SourceQuality "1"]

1. d4 Nf6 2. c4 g6 3. Nc3 d5 4. cxd5 Nxd5 5. e4 Nxc3 6. bxc3 Bg7 7. Bb5+ c6 8. Ba4 0-0 9. Ne2 c5 10. 0-0 Nc6 11. Be3 Na5 1/2-1/2

[Event "Schleswig Holstein-ch M 57th"]
[Site "Ratzeburg"]
[Date "2002.10.15"]
[Round "5"]
[White "Krause, Ullrich"]
[Black "Sislian, Hanno"]
[Result "1/2-1/2"]
[WhiteElo "2284"]
[BlackElo "2245"]
[PlyCount "58"]
[EventDate "2002.10.12"]
[EventType "swiss"]
[EventRounds "9"]
[EventCountry "GER"]
[SourceTitle "EXT 2010"]
[Source "ChessBase"]
[SourceDate "2010.11.25"]
[SourceVersion "1"]
[SourceVersionDate "2010.11.25"]
[SourceQuality "1"]

1. c4 e5 2. Nc3 Nf6 3. e3 Nc6 4. Nge2 d5 5. cxd5 Nxd5 6. Nxd5 Qxd5 7. Nc3 Qd8 8. a3 a5 9. Qc2 Bc5 10. b3 0-0 11. Bb2 Be6 12. Bd3 h6 13. Bh7+ Kh8 14. Bf5 Qd7 15. Bxe6 Qxe6 16. Ne4 Be7 17. Qc4 Qd7 18. 0-0 Rad8 19. Bc3 Qd5 20. Qxd5 Rxd5 21. f3 Kg8 22. Kf2 f5 23. Ng3 Rd7 24. Ke2 g6 25. Rfb1 Re8 26. h3 Kf7 27. Nh1 Ke6 28. g4 Rdd8 29. Nf2 h5 1/2-1/2

[Event "Schleswig Holstein-ch M 57th"]
[Site "Ratzeburg"]
[Date "2002.10.12"]
[Round "1"]
[White "Weber, Bernhard"]
[Black "Sislian, Hanno"]
[Result "1/2-1/2"]
[WhiteElo "2132"]
[BlackElo "2245"]
[PlyCount "43"]
[EventDate "2002.10.12"]
[EventType "swiss"]
[EventRounds "9"]
[EventCountry "GER"]
[SourceTitle "EXT 2010"]
[Source "ChessBase"]
[SourceDate "2010.11.25"]
[SourceVersion "1"]
[SourceVersionDate "2010.11.25"]
[SourceQuality "1"]

1. e3 Nf6 2. f4 g6 3. Nf3 Bg7 4. d4 0-0 5. Bd3 d6 6. Nbd2 Nbd7 7. 0-0 e5 8. f5 Qe7 9. dxe5 Nxe5 10. Nxe5 Qxe5 11. Nf3 Qe7 12. Qe1 Nd7 13. e4 Ne5 14. Nxe5 Qxe5 15. c3 Bd7 16. Be3 Qe7 17. Qf2 gxf5 18. exf5 Bf6 19. Bd4 Rfe8 20. Rae1 Bxd4 21. Qxd4 Qg5 22. h4 1/2-1/2

[Event "Schleswig Holstein-ch M 56th"]
[Site "Eckernfoerde"]
[Date "2001.??.??"]
[Round "7"]
[White "Hein, Andreas"]
[Black "Sislian, Hanno"]
[Result "1-0"]
[WhiteElo "2265"]
[BlackElo "2227"]
[PlyCount "55"]
[EventDate "2001.04.??"]
[EventType "swiss"]
[EventRounds "9"]
[EventCountry "GER"]
[SourceTitle "EXT 2004"]
[Source "ChessBase"]
[SourceDate "2003.11.25"]
[SourceVersion "1"]
[SourceVersionDate "2003.11.25"]
[SourceQuality "1"]

1. d4 Nf6 2. Nf3 g6 3. Bg5 Bg7 4. Nbd2 0-0 5. e4 d6 6. c3 c5 7. dxc5 dxc5 8. Bc4 Nc6 9. h3 Qc7 10. Qe2 h6 11. Be3 b6 12. a3 Bb7 13. 0-0 Nh5 14. Nh4 Kh7 15. g4 Nf4 16. Bxf4 Qxf4 17. Ng2 Qc7 18. f4 e6 19. h4 Ne7 20. h5 gxh5 21. g5 hxg5 22. Qxh5+ Kg8 23. f5 exf5 24. exf5 Qg3 25. Rf2 Bf6 26. Nf1 Qe5 27. Nge3 Kg7 28. Rh2 1-0

[Event "Schleswig Holstein-ch M 56th"]
[Site "Eckernfoerde"]
[Date "2001.??.??"]
[Round "6"]
[White "Sislian, Hanno"]
[Black "Bohnsack, Ralf"]
[Result "1/2-1/2"]
[WhiteElo "2227"]
[BlackElo "2216"]
[PlyCount "28"]
[EventDate "2001.04.??"]
[EventType "swiss"]
[EventRounds "9"]
[EventCountry "GER"]
[SourceTitle "EXT 2004"]
[Source "ChessBase"]
[SourceDate "2003.11.25"]
[SourceVersion "1"]
[SourceVersionDate "2003.11.25"]
[SourceQuality "1"]

1. e4 Nc6 2. Nf3 e5 3. Nc3 Nf6 4. g3 Bc5 5. Bg2 d6 6. d3 0-0 7. Na4 h6 8. 0-0 Be6 9. h3 Qd7 10. Kh2 Nd4 11. Nxc5 Nxf3+ 12. Qxf3 dxc5 13. Bxh6 Bg4 14. Qe3 gxh6 1/2-1/2

[Event "Schleswig Holstein-ch M 56th"]
[Site "Eckernfoerde"]
[Date "2001.??.??"]
[Round "8"]
[White "Sislian, Hanno"]
[Black "Michailow, Sergej"]
[Result "1-0"]
[WhiteElo "2227"]
[BlackElo "2224"]
[PlyCount "89"]
[EventDate "2001.04.??"]
[EventType "swiss"]
[EventRounds "9"]
[EventCountry "GER"]
[SourceTitle "EXT 2004"]
[Source "ChessBase"]
[SourceDate "2003.11.25"]
[SourceVersion "1"]
[SourceVersionDate "2003.11.25"]
[SourceQuality "1"]

1. e4 e5 2. Nf3 Nc6 3. Bb5 a6 4. Bxc6 dxc6 5. 0-0 Qd6 6. Na3 Be6 7. c3 c5 8. Qe2 0-0-0 9. Rd1 Bg4 10. d4 cxd4 11. cxd4 exd4 12. Nc4 Qe6 13. Bf4 Ne7 14. Rac1 Nd5 15. Bg3 g5 16. Nxd4 Bxe2 17. Nxe6 fxe6 18. Nb6+ Kb8 19. Bxc7+ Ka7 20. Rxd5 exd5 21. Bxd8 Bg7 22. Rc8 Rxd8 23. Rxd8 Kxb6 24. Rd6+ Kc7 25. Rxd5 b5 26. Rxg5 Bxb2 27. Rc5+ Kb6 28. Rc2 Be5 29. Rxe2 b4 30. Kf1 a5 31. Ke1 a4 32. Re3 b3 33. Rxb3+ axb3 34. axb3 Kc5 35. g3 Kd4 36. f4 Bc7 37. e5 Ke3 38. b4 Kf3 39. Kf1 h5 40. b5 h4 41. e6 Bd8 42. b6 hxg3 43. hxg3 Kxg3 44. b7 Bc7 45. e7 1-0

[Event "Norderstedt op2"]
[Site "Norderstedt"]
[Date "2000.11.03"]
[Round "9"]
[White "Kopylov, Luba"]
[Black "Sislian, Hanno"]
[Result "0-1"]
[WhiteElo "1683"]
[BlackElo "2217"]
[PlyCount "110"]
[EventDate "2000.11.??"]
[EventType "swiss"]
[EventRounds "9"]
[EventCountry "GER"]
[SourceTitle "CBM 079 Extra"]
[Source "ChessBase"]
[SourceDate "2001.01.11"]
[SourceVersion "2"]
[SourceVersionDate "2001.01.25"]
[SourceQuality "1"]

1. d4 Nf6 2. c4 g6 3. Nc3 d5 4. cxd5 Nxd5 5. e4 Nxc3 6. bxc3 Bg7 7. Bc4 c5 8. Be3 0-0 9. Ne2 Nc6 10. Rc1 cxd4 11. cxd4 Qa5+ 12. Kf1 Qa3 13. Qd2 e5 14. d5 Nd4 15. h4 Bd7 16. h5 b5 17. Bd3 Rac8 18. hxg6 fxg6 19. Rxc8 Rxc8 20. Nxd4 exd4 21. Bf4 b4 22. Ke2 Rc3 23. Rb1 Bg4+ 24. f3 Bc8 25. Rb3 Rxd3 26. Kxd3 Ba6+ 27. Kc2 Qxa2+ 28. Rb2 d3+ 29. Kc1 Qc4+ 30. Kb1 Bc3 31. Qc1 Bb5 32. Bh6 Bxb2 33. Qxb2 Qc3 34. Bd2 Qxb2+ 35. Kxb2 a5 36. Kb3 Kf7 37. e5 Ba6 38. Bg5 Bb7 39. Kc4 Bxd5+ 40. Kxd3 a4 41. Bd2 b3 42. Bc1 Ke6 43. Bb2 h5 44. Ke3 g5 45. Kf2 h4 46. Ke3 Kf5 47. Kf2 Kf4 48. e6 Bxe6 49. Bc1+ Ke5 50. Ke3 Bc4 51. Bb2+ Kd5 52. Ba3 Bf1 53. Kf2 Kc4 54. Bc1 Bd3 55. Bb2 Kb4 0-1

[Event "Bad Woerishofen op 16th"]
[Site "Bad Woerishofen"]
[Date "2000.03.22"]
[Round "6"]
[White "Jaenig, Reinhard"]
[Black "Sislian, Hanno"]
[Result "1/2-1/2"]
[WhiteElo "2097"]
[BlackElo "2250"]
[PlyCount "89"]
[EventDate "2000.03.??"]
[EventType "swiss"]
[EventRounds "9"]
[EventCountry "GER"]
[SourceTitle "CBM 075 Extra"]
[Source "ChessBase"]
[SourceDate "2000.05.11"]
[SourceVersion "2"]
[SourceVersionDate "2000.05.11"]
[SourceQuality "1"]

1. e4 Nf6 2. e5 Nd5 3. d4 d6 4. c4 Nb6 5. exd6 cxd6 6. Nc3 g6 7. h3 Bg7 8. Nf3 0-0 9. Be2 Nc6 10. 0-0 Bf5 11. b3 d5 12. c5 Nd7 13. Bb2 Nf6 14. Rc1 Ne4 15. Nxe4 Bxe4 16. Qd2 Re8 17. Rfd1 Qc7 18. b4 a6 19. a4 e5 20. dxe5 Nxe5 21. Nd4 Nc6 22. f3 Nxd4 23. Bxd4 Bxd4+ 24. Qxd4 Bf5 25. Bf1 Qg3 26. Qf2 Qf4 27. g4 Bd7 28. b5 axb5 29. axb5 Ra3 30. c6 bxc6 31. bxc6 Bc8 32. Bg2 Rae3 33. Re1 Re2 34. Rxe2 Qxc1+ 35. Kh2 Rxe2 36. Qxe2 Qxc6 37. f4 Qe6 38. Qd2 Bb7 39. Qd4 h6 40. Bf3 Qd6 41. Kg2 f6 42. h4 Qe6 43. Qd3 Kg7 44. Qd4 Kh7 45. Qd3 1/2-1/2

[Event "Bad Woerishofen op 16th"]
[Site "Bad Woerishofen"]
[Date "2000.03.19"]
[Round "3"]
[White "Sislian, Hanno"]
[Black "Baeuml, Ulrich"]
[Result "1-0"]
[WhiteElo "2250"]
[BlackElo "2082"]
[PlyCount "105"]
[EventDate "2000.03.??"]
[EventType "swiss"]
[EventRounds "9"]
[EventCountry "GER"]
[SourceTitle "CBM 075 Extra"]
[Source "ChessBase"]
[SourceDate "2000.05.11"]
[SourceVersion "2"]
[SourceVersionDate "2000.05.11"]
[SourceQuality "1"]

1. e4 c5 2. Nf3 d6 3. d4 cxd4 4. Nxd4 Nf6 5. Nc3 a6 6. Be2 e5 7. Nb3 Be6 8. Be3 Be7 9. 0-0 0-0 10. a4 Nbd7 11. a5 Qc7 12. Qd2 Rfd8 13. Rfd1 Nc5 14. Nxc5 dxc5 15. Qe1 Rxd1 16. Qxd1 c4 17. Bb6 Qc6 18. Bf3 Re8 19. Qe1 Bc5 20. Bxc5 Qxc5 21. Na4 Qc6 22. Qe3 Rd8 23. Qc5 Qxc5 24. Nxc5 Bc8 25. Kf1 Kf8 26. Ke1 Rd6 27. Ra4 b5 28. axb6 Rxb6 29. Rxc4 Rxb2 30. Nd3 Rb1+ 31. Kd2 Bb7 32. Nxe5 Rb5 33. Nd3 g5 34. h3 h5 35. g3 Rb6 36. Ke3 Bc6 37. Rb4 Rxb4 38. Nxb4 Bb5 39. Kd4 Bf1 40. e5 Nd7 41. Bxh5 a5 42. Nc6 a4 43. Bg4 a3 44. Nb4 Nb6 45. c3 Na4 46. c4 Ke7 47. h4 gxh4 48. gxh4 Nb2 49. c5 Kd8 50. Bf5 Be2 51. Be4 Ke7 52. Bd5 Na4 53. Nc2 1-0

[Event "Schleswig Holstein-chA 55th"]
[Site "Bad Segeberg"]
[Date "2000.??.??"]
[Round "8"]
[White "Ehrke, Michael"]
[Black "Sislian, Hanno"]
[Result "1/2-1/2"]
[WhiteElo "2224"]
[BlackElo "2250"]
[PlyCount "55"]
[EventDate "2000.??.??"]
[EventType "swiss"]
[EventRounds "9"]
[EventCountry "GER"]
[SourceTitle "EXT 2002"]
[Source "ChessBase"]
[SourceDate "2001.11.25"]
[SourceVersion "1"]
[SourceVersionDate "2001.11.25"]
[SourceQuality "1"]

1. d4 Nf6 2. Nf3 g6 3. Bf4 Bg7 4. e3 d6 5. h3 0-0 6. Be2 b6 7. 0-0 c5 8. c3 Bb7 9. Nbd2 Nbd7 10. a4 a6 11. Bh2 Qc7 12. Qb1 Rac8 13. Re1 cxd4 14. exd4 Bh6 15. Bf1 Rce8 16. Qd1 Nd5 17. c4 N5f6 18. a5 e5 19. axb6 Qxb6 20. c5 Qb4 21. Ra4 Qxb2 22. Nc4 Bxf3 23. Qxf3 Qxd4 24. Rxa6 Qxc5 25. Nxd6 Re6 26. Ne4 Nxe4 27. Qxe4 Rxa6 28. Bxa6 1/2-1/2

[Event "Schleswig Holstein-chA 55th"]
[Site "Bad Segeberg"]
[Date "2000.??.??"]
[Round "3"]
[White "Homuth, Manfred"]
[Black "Sislian, Hanno"]
[Result "1/2-1/2"]
[WhiteElo "2212"]
[BlackElo "2250"]
[PlyCount "113"]
[EventDate "2000.??.??"]
[EventType "swiss"]
[EventRounds "9"]
[EventCountry "GER"]
[SourceTitle "EXT 2002"]
[Source "ChessBase"]
[SourceDate "2001.11.25"]
[SourceVersion "1"]
[SourceVersionDate "2001.11.25"]
[SourceQuality "1"]

1. e4 Nf6 2. e5 Nd5 3. d4 d6 4. Nf3 Bg4 5. Be2 c6 6. c4 Nc7 7. exd6 exd6 8. Qb3 b6 9. Nc3 Be7 10. Bf4 0-0 11. 0-0 Nd7 12. h3 Bh5 13. Rfd1 Re8 14. Be3 Nf6 15. d5 c5 16. a4 Na6 17. a5 bxa5 18. Qb5 Nb4 19. Rd2 Bg6 20. Ne1 Nd7 21. Qxa5 Nb6 22. Na2 Nxa2 23. Rxa2 Bg5 24. Bxg5 Qxg5 25. Nf3 Qf4 26. Qc3 Bh5 27. b3 Bxf3 28. Qxf3 Qxf3 29. Bxf3 Re1+ 30. Kh2 Rf1 31. Re2 Kf8 32. Re3 a5 33. Be4 Rc1 34. Rc2 Rxc2 35. Bxc2 Re8 36. Rxe8+ Kxe8 37. Bd3 Ke7 38. f4 h6 39. h4 a4 40. bxa4 Nxa4 41. Kg3 Nb2 42. Be2 f5 43. h5 Kf6 44. Kf2 Na4 45. Ke3 g6 46. hxg6 Kxg6 47. Kd2 Kf6 48. Kc2 Nb6 49. Kb3 Kf7 50. Bd3 Kf6 51. g3 h5 52. Kc2 Kg6 53. Be2 Kh6 54. Kd2 Nd7 55. Bf3 Nb6 56. Be2 Nd7 57. Bd3 1/2-1/2

[Event "Schleswig Holstein-chA 55th"]
[Site "Bad Segeberg"]
[Date "2000.??.??"]
[Round "1"]
[White "Scheerer, Christoph"]
[Black "Sislian, Hanno"]
[Result "1-0"]
[WhiteElo "2040"]
[BlackElo "2250"]
[PlyCount "47"]
[EventDate "2000.??.??"]
[EventType "swiss"]
[EventRounds "9"]
[EventCountry "GER"]
[SourceTitle "EXT 2002"]
[Source "ChessBase"]
[SourceDate "2001.11.25"]
[SourceVersion "1"]
[SourceVersionDate "2001.11.25"]
[SourceQuality "1"]

1. e4 Nf6 2. Nc3 d5 3. e5 Ne4 4. Nce2 d4 5. Nf3 Nc6 6. c3 dxc3 7. bxc3 Bg4 8. d4 e6 9. Be3 Rb8 10. h3 Bh5 11. g4 Bg6 12. Bg2 Be7 13. Qc1 Na5 14. Nf4 c5 15. Nxg6 hxg6 16. Qc2 cxd4 17. cxd4 Ng5 18. Nxg5 Bxg5 19. Bxg5 Qxg5 20. Qa4+ Nc6 21. Bxc6+ bxc6 22. Qxc6+ Kd8 23. Qd6+ Kc8 24. 0-0 1-0